[Event "9th North Sea Cup"]
[Site "Esbjerg DEN"]
[Date "1984.07.??"]
[Round "11"]
[White "Kristiansen, Jens"]
[Black "Csom, Istvan"]
[Result "1/2-1/2"]
[WhiteElo "2445"]
[BlackElo "2500"]
[EventDate "1984.07.??"]
[PlyCount "130"]

1.e4 c5 2.Nf3 d6 3.d4 cxd4 4.Qxd4 Nc6 5.Bb5 Nf6 6.c4 Nd7 7.Bxc6 bxc6 8.Nc3
e5 9.Qd1 Be7 10.O-O O-O 11.b3 Qc7 12.Be3 Rd8 13.Rc1 Rb8 14.Qc2 Nf8 15.h3 
Ne6 16.Rfd1 Rd7 17.Qd2 Qd8 18.Rb1 a5 19.Qe1 f6 20.Na4 d5 21.exd5 cxd5 22.
cxd5 Rxd5 23.Rxd5 Qxd5 24.Nb6 Qb5 25.Nxc8 Rxc8 26.Rc1 Rxc1 27.Qxc1 a4 28.
Qf1 Qc6 29.bxa4 Qxa4 30.Qb1 e4 31.Nd2 f5 32.g3 Kf7 33.Qb3 Qxb3 34.Nxb3 Ba3
35.Na5 Nc7 36.Nc4 Nb5 37.Nxa3 Nxa3 38.Bc1 Nc4 39.Kf1 Ke6 40.Ke2 Kd5 41.Be3
Nb2 42.Ba7 Na4 43.Ke3 Nc3 44.Kf4 Nxa2 45.Kxf5 Nc3 46.h4 Nb5 47.Be3 Nd6+ 
48.Kf4 Nf7 49.h5 g6 50.g4 gxh5 51.gxh5 Ke6 52.Kxe4 Nd6+ 53.Kf4 Nf7 54.Bd4 
Nd6 55.Kg5 Nf7+ 56.Kg4 Nh6+ 57.Kf4 Nf7 58.Be3 Nh6 59.Ke4 Nf5 60.Bd4 Nd6+ 
61.Kf4 Nf7 62.Bg7 Nd6 63.Kg4 Nf7 64.f4 Nd6 65.Bb2 h6 1/2-1/2

[Event "9th North Sea Cup"]
[Site "Esbjerg DEN"]
[Date "1984.07.??"]
[Round "11"]
[White "Mortensen, Erling"]
[Black "Arnason, Jon Loftur"]
[Result "0-1"]
[WhiteElo "2445"]
[BlackElo "2505"]
[EventDate "1984.07.??"]
[PlyCount "116"]

1.e4 c5 2.Nc3 Nc6 3.Nge2 g6 4.d4 cxd4 5.Nxd4 Bg7 6.Be3 Nf6 7.Be2 O-O 8.Nb3
d6 9.O-O Be6 10.f4 Na5 11.f5 Bc4 12.Bd3 Bxd3 13.cxd3 Nxb3 14.Qxb3 Ng4 15.
Bg5 Qa5 16.Kh1 Qc5 17.Bh4 Be5 18.h3 Nf6 19.Rf3 Rac8 20.Raf1 b6 21.fxg6 
hxg6 22.Bxf6 Bxf6 23.Nd5 Qc2 24.Nxf6+ exf6 25.Rxf6 Qxb3 26.axb3 Rc2 27.
R6f2 Rxf2 28.Rxf2 Rc8 29.Kh2 Rc5 30.d4 Rc1 31.Kg3 Rd1 32.d5 Rd3+ 33.Rf3 
Rd2 34.Rc3 Rxb2 35.Kf3 a5 36.g4 b5 37.g5 b4 38.Rd3 Kf8 39.e5 Ke7 40.exd6+ 
Kxd6 41.Ke4 Re2+ 42.Kd4 Re5 43.Rg3 Rxd5+ 44.Kc4 Rf5 45.h4 Kc6 46.h5 gxh5 
47.g6 fxg6 48.Rxg6+ Kd7 49.Kd4 Rf3 50.Rg5 Rxb3 51.Rxa5 Rh3 52.Kd5 b3 53.
Rb5 Rg3 54.Rb7+ Kc8 55.Rb4 Kc7 56.Rh4 b2 57.Rc4+ Kd7 58.Rb4 Rg5+ 0-1